Microbiology (Record no. 393761)

MARC details
000 -LEADER
fixed length control field 00536 a2200217 4500
005 - DATE & TIME
control field 20260129111124.0
008 - FIXED-LENGTH DATA ELEMENTS--GENERAL INFORMATION
fixed length control field 260128b |||||||| |||| 00| 0 eng d
020 ## - ISBN
International Standard Book Number 9781119701767
Price $ 80.00
040 ## - CATALOGING SOURCE
Original cataloging agency VIVEKANANDA LIBRARY
082 ## - DDC NUMBER
Classification number 576
Book Number W519M(3)
100 ## - MAIN ENTRY--PERSONAL NAME
Personal name Wessner, David R
245 ## - TITLE STATEMENT
Title Microbiology
250 ## - EDITION STATEMENT
Edition statement 3rd
260 ## - PUBLICATION, DISTRIBUTION, ETC. (IMPRINT)
Name of publisher, distributor, etc Wiley
Date of publication, distribution, etc 2022
Place of publication, distribution, etc Singapore
300 ## - PHYSICAL DESCRIPTION
Pages xxxi, 920
440 ## - Series Statement
Series Title International Adaptation
700 ## - Added Entry Personal Name
Added Entry Personal Name Dupont, Christine
700 ## - Added Entry Personal Name
Added Entry Personal Name Charles, Trevor C
700 ## - Added Entry Personal Name
Added Entry Personal Name Neufeld, Josh D
942 ## - ADDED ENTRY ELEMENTS (KOHA)
Koha item type Books
Holdings
Withdrawn status Lost status Source of classification or shelving scheme Damaged status Not for loan Location (home branch) Sublocation or collection (holding branch) Shelving location Date acquired Koha issues (times borrowed) Koha full call number Accession No. Koha date last seen Koha item type
    Dewey Decimal Classification     VIVEKANANDA LIBRARY VIVEKANANDA LIBRARY Vivekananda Library 03/12/2025   576 W519M(3) 443500 03/12/2025 Books
© Designed and Maintained by Vivekananda Library, MDU Rohtak